Ridley Scott Actors - Sudden Death - Statistics

General Stats
  • This quiz has been taken 58 times
  • The average score is 6 of 16
Answers on the Grid
Answers color-coded by a green-red scale on the quiz's grid according to % correct below.
Christopher Plummer
Arnold Schwarzenegger
Michael Fassbender
Harrison Ford
Jessica Chastain
Jessica Biel
Clint Eastwood
Orlando Bloom
Awkwafina
Hulk Hogan
Michael Douglas
Harvey Keitel
Hilary Swank
Forest Whitaker
Tom Hardy
Jonah Hill
Andy Garcia
James Hong
Mark Wahlberg
Virginia Madsen
Luke Perry
Sigourney Weaver
Tom Cruise
Jennifer Lawrence
Tony Todd
Lady Gaga
John Hurt
Molly Ringwald
Lea Thompson
Al Pacino
 
Answer Stats
Answer % Correct
Christopher Plummer
70%
Michael Fassbender
70%
Harrison Ford
60%
Jessica Chastain
55%
Sigourney Weaver
45%
Mark Wahlberg
40%
Orlando Bloom
40%
John Hurt
35%
Lady Gaga
35%
Michael Douglas
35%
Harvey Keitel
30%
Tom Cruise
30%
Al Pacino
25%
Andy Garcia
15%
James Hong
15%
Tom Hardy
10%
No matching quizzes found
Score Distribution
Percent of People with Each Score
Percentile by Number Answered
Your Score History
You have not taken this quiz